000 00566nac a22001817a 4500
005 20251108165940.0
008 250721s1985 xx 000 0 ara d
082 1 4 _aط/411.7/محم
100 1 _aالغزي، محمد فتحي
245 1 0 _aالخط العربي الف باء :
_bخط النسخ : للصغار و الكبار /
264 1 _aجدة :
_bدار المطبوعات الحديثة،
_c1985.
300 _a30ص
490 0 _aسلسلة كتب تعليم
650 1 7 _aلغة عربية
650 1 7 _aخط
942 _2ddc
_cCOL
999 _c35634
_d35634